Barros Arana y la cuestión de límites entre Chile y Argentina
Kaydedildi:
| Yazar: | |
|---|---|
| Materyal Türü: | Kitap |
| Dil: | İspanyolca |
| Baskı/Yayın Bilgisi: |
Santiago
Anales de la Universidad de Chile
1958
|
| Seri Bilgileri: | Serie Verde. Historia, 6
|
| Konular: | |
| Etiketler: |
Etiketle
Etiket eklenmemiş, İlk siz ekleyin!
|
MARC
| LEADER | 00000nam a2200000 a 4500 | ||
|---|---|---|---|
| 001 | UCY7892 | ||
| 003 | CL-VaPUC | ||
| 008 | 950622e19580000CL |||||||||||||||||spa|d | ||
| 082 | 0 | 4 | |a 983 |b GRE |2 21 |
| 100 | |a Greve, Ernesto |e author |9 446435 | ||
| 245 | 1 | 0 | |a Barros Arana y la cuestión de límites entre Chile y Argentina |
| 300 | |a 83 p | ||
| 942 | |c BK | ||
| 945 | |d 19950622 00:00:00 |a rbrito | ||
| 260 | |a Santiago |b Anales de la Universidad de Chile |c 1958 | ||
| 600 | 0 | |a Barros Arana, Diego |9 316241 | |
| 650 | 7 | |a DERECHOS TERRITORIALES |2 CL-VaPUC |9 266725 | |
| 650 | 0 | |a Relaciones Internacionales |9 255740 | |
| 650 | 0 | |a Fronteras |9 338773 | |
| 650 | 0 | |a Geografía política |9 268296 | |
| 651 | 7 | |a CHILE |2 CL-VaPUC |9 338774 | |
| 651 | 0 | |a Argentina |9 254888 | |
| 583 | |a last modification |c 19950622 00:00:00 |k Rodrigo Vera | ||
| 490 | 0 | |a Serie Verde. Historia, 6 | |
| 999 | |c 235190 |d 235188 | ||
| 952 | |0 0 |1 0 |4 0 |6 983_000000000000000_GRE_1958 |7 0 |8 A |9 242425 |a BIBING |b BIBING |d 2019-11-18 |i 3096513 |o 983 GRE 1958 |p 3096513 |r 2025-01-20 |w 2019-11-18 |y BK |k GEO | ||